On the geological structure of part of the Khasi Hills with observations on the meteorology and enthnology of That district (Record no. 99)

MARC details
000 -LEADER
fixed length control field 00532nam a2200169Ia 4500
003 - CONTROL NUMBER IDENTIFIER
control field IN-BaIIA
008 - FIXED-LENGTH DATA ELEMENTS--GENERAL INFORMATION
fixed length control field 211028s9999 xx 000 0 eng d
040 ## - CATALOGING SOURCE
Transcribing agency IIA Library
080 ## - UNIVERSAL DECIMAL CLASSIFICATION NUMBER
Universal Decimal Classification number 551.7
Item number OLD
100 ## - MAIN ENTRY--PERSONAL NAME
Personal name Oldham, Thomas
9 (RLIN) 165
245 #0 - TITLE STATEMENT
Title On the geological structure of part of the Khasi Hills with observations on the meteorology and enthnology of That district
Statement of responsibility, etc. Thomas Oldham
260 ## - PUBLICATION, DISTRIBUTION, ETC.
Place of publication, distribution, etc. Calcutta
Name of publisher, distributor, etc. Mittal Publications
Date of publication, distribution, etc. 1854
300 ## - PHYSICAL DESCRIPTION
Extent lxxii, 77p.
650 ## - SUBJECT ADDED ENTRY--TOPICAL TERM
Topical term or geographic name entry element Geography
9 (RLIN) 166
650 ## - SUBJECT ADDED ENTRY--TOPICAL TERM
Topical term or geographic name entry element Khasi Hills
9 (RLIN) 167
942 ## - ADDED ENTRY ELEMENTS (KOHA)
Koha item type Books
Holdings
Withdrawn status Lost status Damaged status Not for loan Home library Current library Shelving location Date acquired Total Checkouts Full call number Barcode Date last seen Price effective from Koha item type
        IIA Library-Bangalore IIA Library-Kodaikanal General Stacks     551.7/ OLD 55 05/11/2021   Books

Powered by Koha